| 000 | 00353nam a2200145Ia 4500 | ||
|---|---|---|---|
| 008 | 230917s9999||||xx |||||||||||||| ||und|| | ||
| 040 |
_e43475 _aMAIN |
||
| 041 | _aEnglish | ||
| 082 | _a821.6 W891B:W | ||
| 100 | _aBateson, F W | ||
| 245 | 0 | _aWordsworth: A re-interpretation | |
| 260 |
_aLondon _bLongman _c1963 |
||
| 300 | _axi, 227 p. | ||
| 942 | _cBK | ||
| 999 |
_c224043 _d224043 |
||